01732nam a22002177a 4500003001000000005001700010008004100027020002200068040003400090080001800124100003100142245004800173250001100221260003200232300002100264520111200285650003701397653002401434655003101458700002501489AR-RoUNCS20260225131005.0180202s2014 sp r 001 spa  z978-84-15725-50-3 aAR-BaBNbspacAR-RoUNCSeaacr 082-312.4(73) 1 aCussler, Cliveeautor4aut13aLas tumbas /cClive Cussler y Thomas Perry. a1a ed. aBarcelona :bRandom,c2014. a409 p. ;c21 cm.3 aEn este apasionantethriller Sam y Remi Fargo deberán superar uno de los retos más difíciles y peligrosos a los que jamás se han enfrentado: hallar el tesoro perdido de Atila, rey de los hunos. Sam y Remi Fargo participan en una excavación arqueológica altamente secreta donde realizan un hallazgo que les llevará a perseguir un tesoro de valor inestimable. Las pistas les conducen hasta la tumba escondida de Atila el Huno, quien fue enterrado con una gran fortuna en oro y joyas. Pero este sitio arqueológico milenario ha sido saqueado y nunca se ha recuperado el botín. En busca del tesoro perdido, viajarán a Hungría, Italia, Francia, Rusia y Kazajistán, y descubrirán otras cinco tumbas históricas profanadas. El matrimonio Fargo se verá envuelto en una trama criminal en la que aparecen codiciosos cazadores de tesoros, un estafador ruso que se hace pasar por un refinado hombre de negocios y un húngaro despiadado que afirma ser descendiente directo de Atila y que no se frenará ante nada ni nadie para conseguir apropiarse de los tesoros del gran rey de los hunos. 72embneaLiteratura norteamericana aNovelas de suspenso 72embneaNovelas de suspense1 aPerry, Thomaseautor